000
00218nam a22001217a 4500
040
_c
SY
082
_a
631
100
_a
WILLIAM
245
_a
Invironmental
260
_a
RUA
_b
WIL
_c
1999
300
_a
649p.
942
_c
EK
999
_c
9196
_d
9196